[Event "NATO Chess Championship 2010"]
[Site "Koege"]
[Date "2010.10.20"]
[Round "4.39"]
[White "Bellemare, Regis"]
[Black "Galloway, James"]
[Result "1-0"]
[WhiteElo "1637"]
[BlackElo "1624"]
[PlyCount "97"]
[EventDate "2010.??.??"]
[WhiteTeam "CAN"]
[BlackTeam "NATO"]

1. e4 e6 2. d4 d5 3. Nc3 dxe4 4. Nxe4 Bd7 5. Nf3 Bc6 6. Nc3 Nf6 7. Be2 Be7 8.
Bf4 Nbd7 9. Nb5 Bxb5 10. Bxb5 c6 11. Bd3 O-O 12. c3 Nd5 13. Bd2 Qc7 14. Ng5
N7f6 15. Qc2 g6 16. g3 e5 17. dxe5 Qxe5+ 18. Kf1 Bc5 19. Re1 Qd6 20. h3 Rfe8
21. Rxe8+ Rxe8 22. a3 b5 23. b4 Bb6 24. c4 bxc4 25. Qxc4 Nd7 26. Bc3 Ne5 27.
Ne4 Nxc4 28. Nxd6 Nxd6 29. Bb2 Ne4 30. Rh2 Nd2+ 31. Kg2 Re1 32. Rh1 Rxh1 33.
Kxh1 Bxf2 34. Kg2 Be1 35. Bd4 a6 36. Bxa6 Nb1 37. Bb2 Kf8 38. Bb7 Ne7 39. Ba6
Bc3 40. Bc1 Ke8 41. Kf3 Nf5 42. g4 Nd4+ 43. Ke4 Nb3 44. b5 Nxc1 45. bxc6 Nxa3
46. c7 f5+ 47. gxf5 gxf5+ 48. Kd5 Ke7 49. c8=Q 1-0

[Event "NATO Chess Championship 2010"]
[Site "Koege"]
[Date "2010.10.20"]
[Round "4.40"]
[White "Morrison, Munroe"]
[Black "Vercauteren, Daniël"]
[Result "1-0"]
[WhiteElo "1861"]
[BlackElo "1689"]
[PlyCount "63"]
[EventDate "2010.??.??"]
[WhiteTeam "UK"]
[BlackTeam "BEL"]

1. e4 c6 2. d3 d5 3. Nd2 e5 4. Ngf3 Bg4 5. Be2 Nd7 6. c3 Ngf6 7. O-O Be7 8. Re1
O-O 9. Nf1 dxe4 10. dxe4 Qc7 11. Qc2 Rad8 12. h3 Bh5 13. Ng3 Bg6 14. Nf5 Bc5
15. b4 Bb6 16. Ne7+ Kh8 17. Nxg6+ fxg6 18. c4 Bd4 19. Nxd4 exd4 20. Bb2 Ne5 21.
Rad1 c5 22. f4 Nf7 23. e5 Nxe5 24. fxe5 Qxe5 25. Bf3 Qc7 26. bxc5 Qxc5 27. Qd3
Qa5 28. Bxd4 Rd7 29. Qc3 Qd8 30. Bxf6 Rxf6 31. Rxd7 Qxd7 32. Qe5 1-0

[Event "NATO Chess Championship 2010"]
[Site "Koege"]
[Date "2010.10.21"]
[Round "5.6"]
[White "Schott, Guido"]
[Black "Ozkan, Ervin"]
[Result "1/2-1/2"]
[WhiteElo "2174"]
[BlackElo "2220"]
[PlyCount "82"]
[EventDate "2010.??.??"]

1. e4 e6 2. d3 d5 3. Nd2 Nf6 4. Ngf3 Be7 5. g3 O-O 6. Bg2 c5 7. O-O Nc6 8. Re1
Qc7 9. Qe2 b6 10. e5 Nd7 11. c3 b5 12. Nf1 b4 13. c4 dxc4 14. dxc4 Bb7 15. Bf4
Rfd8 16. h4 Nf8 17. h5 h6 18. Rad1 Nh7 19. Ne3 Bg5 20. Bxg5 Nxg5 21. Nxg5 hxg5
22. Ng4 Nd4 23. Qe3 Qe7 24. Be4 Nf5 25. Qf3 Bxe4 26. Qxe4 Rac8 27. Kh2 Rxd1 28.
Rxd1 Rd8 29. Rxd8+ Qxd8 30. Ne3 Nd4 31. Ng4 Qe8 32. h6 Qc6 33. Qxc6 Nxc6 34.
hxg7 Kxg7 35. f4 gxf4 36. gxf4 Nd4 37. Nf6 b3 38. axb3 Nxb3 39. Ne4 Na5 40.
Nxc5 Nxc4 41. b3 Nb6 1/2-1/2

[Event "NATO Chess Championship 2010"]
[Site "Koege"]
[Date "2010.10.21"]
[Round "5.8"]
[White "Jauk, Wilhelm"]
[Black "van Rijn, Wouter"]
[Result "1-0"]
[WhiteElo "2168"]
[BlackElo "2179"]
[PlyCount "139"]
[EventDate "2010.??.??"]

1. d4 Nf6 2. Nf3 e6 3. Bg5 c5 4. c3 d5 5. e3 h6 6. Bxf6 Qxf6 7. Ne5 Bd6 8. f4
O-O 9. Bd3 c4 10. Bc2 Qh4+ 11. g3 Qh3 12. Qe2 Bd7 13. Nd2 Be8 14. O-O-O f6 15.
Ng6 Bxg6 16. Bxg6 f5 17. Rdg1 Nc6 18. g4 Ne7 19. Bh5 fxg4 20. Bxg4 Qh4 21.
Bxe6+ Kh8 22. Qg2 Qf6 23. Bxd5 Nf5 24. Re1 Rae8 25. Nxc4 Nxe3 26. Nxe3 Bxf4 27.
Kb1 Bxe3 28. Be4 Bf4 29. h4 b5 30. a3 a5 31. h5 b4 32. axb4 axb4 33. Qg6 Qxg6
34. Bxg6 Rxe1+ 35. Rxe1 bxc3 36. bxc3 Bd2 37. Re6 Bxc3 38. d5 Rb8+ 39. Kc2 Bf6
40. Kd3 Kg8 41. Kc4 Rc8+ 42. Kb5 Kf8 43. d6 Rb8+ 44. Kc6 Rc8+ 45. Kb7 Rd8 46.
Kc7 Ra8 47. Re4 Bg5 48. Kd7 Rd8+ 49. Ke6 Ra8 50. Rb4 Bf6 51. Rc4 Rd8 52. Rc7
Bg5 53. Rf7+ Kg8 54. Re7 Kf8 55. Rf7+ Kg8 56. Rf3 Bf6 57. Rf2 Kf8 58. Rc2 Bg5
59. Rf2+ Bf6 60. Rc2 Bg5 61. Rc6 Bf6 62. Rc7 Bg5 63. Rb7 Bf6 64. Bh7 Re8+ 65.
Kd7 Rd8+ 66. Kc7 Kf7 67. Bf5 Ra8 68. Kc6+ Kg8 69. Bg6 Ra6+ 70. Kc5 1-0

[Event "NATO Chess Championship 2010"]
[Site "Koege"]
[Date "2010.10.21"]
[Round "5.13"]
[White "Szczesniak, Andrzej"]
[Black "Redman, Michael"]
[Result "1-0"]
[WhiteElo "2053"]
[BlackElo "2152"]
[PlyCount "43"]
[EventDate "2010.??.??"]
[WhiteTeam "POL"]
[BlackTeam "UK"]

1. c4 Nf6 2. Nc3 g6 3. g3 Bg7 4. Bg2 O-O 5. e4 d6 6. Nge2 e5 7. O-O Nc6 8. d3
Nh5 9. h3 f5 10. exf5 gxf5 11. Nd5 f4 12. Nec3 Rf5 13. Ne4 Nd4 14. g4 Rf7 15.
gxh5 c6 16. Ndc3 f3 17. Bg5 Qd7 18. Bh1 Qxh3 19. Ng3 Bg4 20. Qd2 Bxh5 21. Be3
Bg4 22. Nce4 1-0

[Event "NATO Chess Championship 2010"]
[Site "Koege"]
[Date "2010.10.21"]
[Round "5.17"]
[White "Kapral, Krzysztof"]
[Black "Kiss, József István"]
[Result "1-0"]
[WhiteElo "2127"]
[BlackElo "2105"]
[PlyCount "69"]
[EventDate "2010.??.??"]
[WhiteTeam "POL"]
[BlackTeam "HUN"]

1. d4 d5 2. c4 c6 3. cxd5 cxd5 4. Nc3 Nc6 5. Bf4 Nf6 6. e3 a6 7. Bd3 e6 8. Nf3
Be7 9. O-O Nh5 10. Be5 O-O 11. Rc1 Bd7 12. h3 Nxe5 13. Nxe5 Nf6 14. f4 Rc8 15.
g4 Bc6 16. Qc2 g6 17. f5 exf5 18. gxf5 Ne4 19. Nxe4 dxe4 20. Bxe4 Bg5 21. Nxc6
Bxe3+ 22. Kh1 Qh4 23. Rce1 Bxd4 24. Qd3 bxc6 25. Qxd4 Qxh3+ 26. Kg1 Qg4+ 27.
Kf2 Rcd8 28. Qc3 Rfe8 29. fxg6 fxg6 30. Bg2 Rxe1 31. Rxe1 Qf5+ 32. Kg1 c5 33.
Rf1 Qe6 34. b3 Qd6 35. Qc4+ 1-0

[Event "NATO Chess Championship 2010"]
[Site "Koege"]
[Date "2010.10.21"]
[Round "5.25"]
[White "Voroblievas, Art�ras"]
[Black "Ledoux, Jean-Luc"]
[Result "0-1"]
[WhiteElo "1859"]
[BlackElo "2084"]
[PlyCount "124"]
[EventDate "2010.??.??"]
[WhiteTeam "LTU"]
[BlackTeam "FRA"]

1. e4 c6 2. d4 d5 3. Nc3 dxe4 4. Nxe4 Bf5 5. Ng3 Bg6 6. h4 h6 7. Nf3 Nd7 8. h5
Bh7 9. Bd3 Bxd3 10. Qxd3 e6 11. Bf4 Qa5+ 12. Bd2 Qc7 13. O-O-O Ngf6 14. c4
O-O-O 15. Ne4 Nc5 16. Nxc5 Bxc5 17. g3 Ng4 18. Rhf1 Ne5 19. Nxe5 Qxe5 20. Be3
Qxh5 21. Qc3 Bb6 22. c5 Bc7 23. Rd3 Qd5 24. Qb4 b5 25. cxb6 axb6 26. Rfd1 Kb7
27. Qe7 Rd7 28. Qb4 Bd6 29. Qd2 Qxa2 30. Qc2 Bb4 31. Qe2 Ra8 32. Kc2 Qc4+ 33.
Kb1 Qd5 34. Rc1 Ra4 35. Qd1 Qa5 36. Rb3 Ra1+ 37. Kc2 Qf5+ 38. Rd3 Ra5 39. Ra1
Rdd5 40. g4 Rxa1 41. Qxa1 Qxg4 42. Qa4 Qe2+ 43. Bd2 Bxd2 44. Rxd2 Qb5 45. Qa3
Qc4+ 46. Kb1 c5 47. Qf3 f5 48. dxc5 Qe4+ 49. Qxe4 fxe4 50. Re2 bxc5 51. Rxe4 e5
52. f4 exf4 53. Rxf4 Kc6 54. Rf7 g5 55. Rh7 Rd6 56. Rg7 Kd5 57. Kc2 Ke4 58. Rc7
Kd4 59. Kd2 Kc4+ 60. Kc2 Rf6 61. b3+ Kd4 62. Rd7+ Ke4 0-1

[Event "NATO Chess Championship 2010"]
[Site "Koege"]
[Date "2010.10.21"]
[Round "5.36"]
[White "Murray, Brian"]
[Black "Morrison, Munroe"]
[Result "1/2-1/2"]
[WhiteElo "1466"]
[BlackElo "1861"]
[PlyCount "120"]
[EventDate "2010.??.??"]
[WhiteTeam "CAN"]
[BlackTeam "UK"]

1. e4 d6 2. Bb5+ c6 3. Ba4 Nf6 4. d3 e5 5. Ne2 a5 6. c3 Be7 7. O-O b5 8. Bc2
Nbd7 9. a3 Bb7 10. b4 Qc7 11. Bb3 c5 12. Nd2 Nb6 13. Qc2 a4 14. Ba2 O-O 15. Bb2
d5 16. Ng3 c4 17. Rfe1 Rad8 18. dxc4 dxc4 19. Bb1 Qc6 20. Nf3 Qe6 21. Nf5 Nh5
22. Bc1 Nc8 23. Qe2 Qg6 24. Nxe5 Qe6 25. Qxh5 g6 26. Nxe7+ Nxe7 27. Nxg6 fxg6
28. Qxb5 Bc6 29. Qc5 Rc8 30. Bh6 Rf7 31. Ba2 Bxe4 32. Qd4 Nf5 33. Bxc4 Nxd4 34.
Bxe6 Nxe6 35. Rxe4 Rc6 36. c4 g5 37. b5 Rb6 38. Rb1 Rf6 39. Bxg5 Nxg5 40. Re8+
Kf7 41. Re5 Ne6 42. c5 Rb8 43. c6 Rb6 44. g4 Nc7 45. h4 Rfxc6 46. Rf5+ Rf6 47.
Rb4 Rxf5 48. gxf5 Rxb5 49. Rxa4 Kf6 50. Rg4 Rxf5 51. Kg2 Nd5 52. Kg3 Ke5 53. a4
Rf4 54. a5 Rxg4+ 55. Kxg4 Nc7 56. f4+ Kf6 57. h5 Na6 58. Kf3 Kf5 59. Kg3 h6 60.
Kf3 Nc5 1/2-1/2

[Event "NATO Chess Championship 2010"]
[Site "Koege"]
[Date "2010.10.21"]
[Round "5.40"]
[White "Kacevicius, Dangiras"]
[Black "Galloway, James"]
[Result "0-1"]
[WhiteElo "1730"]
[BlackElo "1624"]
[PlyCount "71"]
[EventDate "2010.??.??"]
[WhiteTeam "LTU"]
[BlackTeam "NATO"]

1. d4 d5 2. Nf3 Nf6 3. e3 Bg4 4. c4 e6 5. Nc3 c6 6. cxd5 exd5 7. a3 Bd6 8. h3
Bh5 9. Be2 O-O 10. Qc2 Re8 11. Nh4 Ne4 12. Nxe4 dxe4 13. Nf5 Qa5+ 14. Bd2 Qxf5
15. g4 Bxg4 16. hxg4 Qg6 17. O-O-O Nd7 18. Bc3 c5 19. d5 a6 20. Rh5 b5 21. Rdh1
b4 22. Bd2 bxa3 23. bxa3 Nf6 24. R5h4 c4 25. f4 Bxa3+ 26. Kd1 Rab8 27. f5 Qg5
28. Rh5 Nxh5 29. Rxh5 Qd8 30. Bxc4 a5 31. Qa2 Qd6 32. Be1 Rb2 33. Qa1 Reb8 34.
Ba2 Qc5 35. Bg3 Qc2+ 36. Ke1 0-1

[Event "NATO Chess Championship 2010"]
[Site "Koege"]
[Date "2010.10.21"]
[Round "6.1"]
[White "Drabke, Lorenz"]
[Black "Pedersen, Finn"]
[Result "1-0"]
[WhiteElo "2435"]
[BlackElo "2292"]
[PlyCount "107"]
[EventDate "2010.??.??"]
[WhiteTeam "GER"]
[BlackTeam "DEN"]

1. e4 c6 2. d4 d5 3. Nd2 dxe4 4. Nxe4 Nd7 5. Ng5 Ndf6 6. N1f3 Bg4 7. h3 Bxf3 8.
Nxf3 e6 9. Bd3 g6 10. Bg5 Bg7 11. Qd2 h6 12. Bf4 Ne7 13. c3 Ned5 14. Bh2 O-O
15. O-O Nd7 16. Rfe1 Re8 17. Rad1 Qa5 18. a3 N5b6 19. Qc2 Nc8 20. Nd2 Qd8 21.
a4 a5 22. Nc4 Re7 23. Qb3 Nf6 24. Re2 Nd5 25. Bb1 b5 26. Ne5 Qe8 27. Bd3 Ncb6
28. axb5 a4 29. Qa3 cxb5 30. Qc5 Ra5 31. Nc6 Nd7 32. Qd6 Ra8 33. Bxb5 N7b6 34.
Nxe7+ Qxe7 35. c4 Qxd6 36. Bxd6 Nf6 37. Be5 a3 38. bxa3 Rxa3 39. Rc2 Ne4 40.
Bxg7 Kxg7 41. Bc6 Nc3 42. Rdc1 Nca4 43. c5 Nc8 44. d5 exd5 45. Bxd5 Ne7 46. Bf3
Rb3 47. Bd1 Ra3 48. Re2 Nd5 49. Bxa4 Rxa4 50. c6 Ra7 51. Rd2 Nb6 52. c7 Nc8 53.
Rd8 Ne7 54. Re8 1-0

[Event "NATO Chess Championship 2010"]
[Site "Koege"]
[Date "2010.10.21"]
[Round "6.2"]
[White "Andersen, Hans-Christoph"]
[Black "Wantiez, Fabrice"]
[Result "0-1"]
[WhiteElo "2205"]
[BlackElo "2327"]
[PlyCount "62"]
[EventDate "2010.??.??"]
[WhiteTeam "GER"]
[BlackTeam "BEL"]

1. d4 Nf6 2. c4 g6 3. Nc3 d5 4. cxd5 Nxd5 5. e4 Nxc3 6. bxc3 Bg7 7. Nf3 c5 8.
Be3 O-O 9. Rc1 Nd7 10. h4 Nf6 11. e5 Nd5 12. h5 cxd4 13. cxd4 Bg4 14. hxg6 hxg6
15. Qb3 Nxe3 16. fxe3 Be6 17. Bc4 Rc8 18. Kf2 Rxc4 19. Rxc4 Qb8 20. Qc3 Bxc4
21. Qxc4 Rc8 22. Qb3 Qc7 23. Rb1 b6 24. Rb2 Bh6 25. g4 Qc1 26. Rb1 Qc2+ 27. Kg3
Bxe3 28. Qxe3 Qxb1 29. d5 Qxa2 30. d6 exd6 31. exd6 Qe6 0-1

[Event "NATO Chess Championship 2010"]
[Site "Koege"]
[Date "2010.10.21"]
[Round "6.3"]
[White "Jauk, Wilhelm"]
[Black "Goksel, Doga Cihan"]
[Result "0-1"]
[WhiteElo "2168"]
[BlackElo "2264"]
[PlyCount "170"]
[EventDate "2010.??.??"]
[WhiteTeam "GER"]
[BlackTeam "TUR"]

1. d4 d5 2. c4 c6 3. cxd5 cxd5 4. Nc3 Nf6 5. Nf3 Nc6 6. Bf4 Nh5 7. Bg3 Nxg3 8.
hxg3 e6 9. e3 g6 10. Be2 Bg7 11. O-O O-O 12. a3 b6 13. Rc1 Bb7 14. b4 Qd6 15.
Qb3 Rfc8 16. Rc2 Bf6 17. Rfc1 a6 18. Na4 Ne7 19. Rxc8+ Rxc8 20. Rxc8+ Nxc8 21.
Qc3 Kg7 22. Nb2 Na7 23. Ne5 Be7 24. g4 Bd8 25. Nd1 f6 26. Nf3 g5 27. Bd3 Nb5
28. Bxb5 axb5 29. Nb2 Bc7 30. Nd3 Bc6 31. Kf1 Be8 32. Ke2 Qd7 33. Kf1 h6 34.
Ke1 Bd6 35. Kf1 Qb7 36. Ke1 Bd7 37. Kf1 Qb8 38. Ke1 Qe8 39. Kf1 h5 40. gxh5
Qxh5 41. Nfe1 Qd1 42. Qc2 Qh5 43. Qc3 Kf7 44. Qb3 Ke7 45. Qc3 Qh2 46. Qb3 Be8
47. Ke2 Qh1 48. Qc2 Bd7 49. Qb3 Kd8 50. Qa2 Kc7 51. Qc2+ Kb7 52. Qb3 Be8 53.
Qa2 Bh5+ 54. Kd2 Qf1 55. Qc2 Be2 56. g3 Bg4 57. Kc3 Bf5 58. Kb2 Be4 59. Qd2 Qg1
60. Nc1 Qh2 61. Qe2 Qh1 62. Qd2 e5 63. Qe2 exd4 64. exd4 Qh2 65. Kc3 Qg1 66.
Kb2 g4 67. Qd2 Bf8 68. Qe2 Bh6 69. Ncd3 f5 70. Nf4 Bxf4 71. gxf4 Qh2 72. Qe3
Qh8 73. Nd3 Qc8 74. Ne1 Qc4 75. Qc3 Qf1 76. Qd2 Kb8 77. Qe3 Kb7 78. Qd2 Ka7 79.
Qe3 Qg1 80. Qe2 g3 81. fxg3 Qxd4+ 82. Kb3 Qa1 83. Nd3 d4 84. Nb2 Qb1 85. Qd2
Bd5# 0-1

[Event "NATO Chess Championship 2010"]
[Site "Koege"]
[Date "2010.10.21"]
[Round "6.5"]
[White "Bieluszewski, Piotr"]
[Black "Helbig, Mark"]
[Result "1/2-1/2"]
[WhiteElo "2153"]
[BlackElo "2366"]
[PlyCount "77"]
[EventDate "2010.??.??"]
[WhiteTeam "POL"]
[BlackTeam "GER"]

1. e4 c6 2. d4 d5 3. Nd2 dxe4 4. Nxe4 Nd7 5. Nf3 Ngf6 6. Nxf6+ Nxf6 7. Be2 Bf5
8. O-O e6 9. c4 Bd6 10. b3 Qc7 11. Bb2 O-O-O 12. Qe1 Rhg8 13. Bc3 Ne4 14. Ba5
b6 15. c5 Bf4 16. cxb6 axb6 17. Bb4 g5 18. Bd3 g4 19. Bxe4 gxf3 20. g3 Bh3 21.
Bxf3 Bxf1 22. Qxf1 Rxd4 23. Bc3 Rd7 24. Kh1 Bd2 25. Bb2 Kb8 26. Qe2 Bb4 27. Rc1
Rd2 28. Be5 Rxe2 29. Bxc7+ Kxc7 30. Bxe2 Bc5 31. Kg2 Rd8 32. Rc2 Rd4 33. a4 Kd6
34. Rc3 Ke5 35. f4+ Kd5 36. Rd3 h6 37. Bf3+ Kd6 38. Rxd4+ Bxd4 39. Bh5 1/2-1/2

[Event "NATO Chess Championship 2010"]
[Site "Koege"]
[Date "2010.10.21"]
[Round "6.6"]
[White "Szczesniak, Andrzej"]
[Black "Ozkan, Ervin"]
[Result "1-0"]
[WhiteElo "2053"]
[BlackElo "2220"]
[PlyCount "101"]
[EventDate "2010.??.??"]
[WhiteTeam "POL"]
[BlackTeam "TUR"]

1. c4 c6 2. e4 d5 3. exd5 cxd5 4. cxd5 Nf6 5. Nc3 Nxd5 6. Nf3 Nc6 7. Bb5 e6 8.
O-O Be7 9. d4 O-O 10. Re1 Nf6 11. Bg5 Nb4 12. Ne5 a6 13. Bc4 b5 14. Bb3 Bd7 15.
Qf3 Rc8 16. Rad1 Nc6 17. Nxd7 Nxd7 18. Bxe7 Nxe7 19. d5 e5 20. Ne4 Nb6 21. Ng5
Ng6 22. Qh5 h6 23. Ne6 fxe6 24. dxe6 Qf6 25. e7+ Rf7 26. Rd8+ Kh7 27. Bxf7 Qxf7
28. e8=Q Qxe8 29. Rxe8 Rxe8 30. Qf5 Rf8 31. Qe6 Rf6 32. Qb3 Nc4 33. Qc2 Kg8 34.
Rd1 Ne7 35. b3 Nd6 36. Qc7 Nef5 37. Re1 e4 38. Rd1 Nf7 39. Re1 N7d6 40. a4 bxa4
41. bxa4 Kh7 42. Rd1 h5 43. h3 h4 44. Kh2 Kg6 45. Qc6 e3 46. fxe3 Nf7 47. Qe8
Ng3 48. e4 Kh7 49. e5 Rf2 50. Qe6 Rf4 51. Rd7 1-0

[Event "NATO Chess Championship 2010"]
[Site "Koege"]
[Date "2010.10.21"]
[Round "6.7"]
[White "Rosenkilde, Alexander"]
[Black "Schott, Guido"]
[Result "1/2-1/2"]
[WhiteElo "2206"]
[BlackElo "2174"]
[PlyCount "74"]
[EventDate "2010.??.??"]
[WhiteTeam "DEN"]
[BlackTeam "GER"]

1. d4 d6 2. Nf3 Bg4 3. c4 Nd7 4. Nc3 e5 5. d5 Be7 6. e4 Bxf3 7. Qxf3 Bg5 8. g3
Bxc1 9. Rxc1 Ngf6 10. Bh3 O-O 11. O-O a5 12. b3 Nc5 13. Rb1 g6 14. a3 Nh5 15.
b4 axb4 16. axb4 Na4 17. Nd1 Qg5 18. Qg4 Qxg4 19. Bxg4 Nf6 20. Bf3 Nb6 21. Ne3
Ra3 22. Rfc1 Rfa8 23. Kg2 Nc8 24. c5 h5 25. Rc4 Ra2 26. Nd1 g5 27. Nc3 Rd2 28.
Kf1 Ra3 29. Rc1 Rd4 30. Be2 Rxc4 31. Bxc4 dxc5 32. bxc5 Ra5 33. Bb5 c6 34. dxc6
bxc6 35. Bxc6 Rxc5 36. Na2 Rxc1+ 37. Nxc1 Nd6 1/2-1/2

[Event "NATO Chess Championship 2010"]
[Site "Koege"]
[Date "2010.10.21"]
[Round "6.8"]
[White "Alaslar, Devrim"]
[Black "Giua, Frédéric"]
[Result "1/2-1/2"]
[WhiteElo "2167"]
[BlackElo "2188"]
[PlyCount "34"]
[EventDate "2010.??.??"]
[WhiteTeam "TUR"]
[BlackTeam "FRA"]

1. e4 c5 2. Nf3 g6 3. d4 Bg7 4. dxc5 Qa5+ 5. c3 Qxc5 6. Na3 Nf6 7. e5 Ng4 8.
Qd4 Qxd4 9. cxd4 O-O 10. h3 Nh6 11. g4 b6 12. Bg2 Bb7 13. O-O Nc6 14. Bd2 f5
15. g5 Nf7 16. Rac1 d5 17. b4 a6 1/2-1/2

[Event "NATO Chess Championship 2010"]
[Site "Koege"]
[Date "2010.10.21"]
[Round "6.9"]
[White "Sypien, Mateusz"]
[Black "Keough, Robert"]
[Result "1-0"]
[WhiteElo "2265"]
[BlackElo "2114"]
[PlyCount "103"]
[EventDate "2010.??.??"]
[WhiteTeam "POL"]
[BlackTeam "USA"]

1. e4 c5 2. Nf3 a6 3. c4 d6 4. d4 cxd4 5. Nxd4 Nf6 6. Nc3 g6 7. Be3 Bg7 8. f3
Nc6 9. Qd2 O-O 10. Be2 Nxd4 11. Bxd4 Be6 12. O-O Rc8 13. b3 Nd7 14. Bxg7 Kxg7
15. Rac1 Qa5 16. Kh1 f6 17. Qb2 Bf7 18. f4 h5 19. Rf3 h4 20. Rd1 Rh8 21. h3 Qh5
22. Rf2 Qc5 23. Bg4 Rcd8 24. Re1 e6 25. Rd2 Nb6 26. e5 d5 27. cxd5 f5 28. Bf3
Qc7 29. d6 Qb8 30. Na4 Nd7 31. Rc1 Rc8 32. Rdc2 Rhd8 33. Rc7 b5 34. Rb7 bxa4
35. Rxb8 Rxb8 36. Rc7 axb3 37. axb3 g5 38. fxg5 Kg6 39. g3 Kxg5 40. gxh4+ Kh6
41. Bc6 Be8 42. Qd2+ Kh7 43. Qg5 Rbc8 44. Qe7+ Kh6 45. Qxe6+ Kh5 46. Qxf5+ Kh6
47. Qg5+ Kh7 48. Be4+ Kh8 49. Qh6+ Kg8 50. Bh7+ Kh8 51. Bg6+ Kg8 52. Qh7+ 1-0

[Event "NATO Chess Championship 2010"]
[Site "Koege"]
[Date "2010.10.21"]
[Round "6.10"]
[White "Mestek, Igor"]
[Black "Krainski, Slawomir"]
[Result "1/2-1/2"]
[WhiteElo "2199"]
[BlackElo "2115"]
[PlyCount "30"]
[EventDate "2010.??.??"]
[WhiteTeam "SLO"]
[BlackTeam "POL"]

1. e4 Nc6 2. Nf3 d6 3. d4 Nf6 4. Nbd2 g6 5. c3 Bg7 6. h3 O-O 7. Bb5 Bd7 8. O-O
e5 9. Bxc6 Bxc6 10. dxe5 dxe5 11. Nxe5 Bxe4 12. Nxe4 Nxe4 13. Nc4 Qh4 14. Qg4
Qxg4 15. hxg4 Rfe8 1/2-1/2

[Event "NATO Chess Championship 2010"]
[Site "Koege"]
[Date "2010.10.21"]
[Round "6.11"]
[White "van Rijn, Wouter"]
[Black "Kapral, Krzysztof"]
[Result "1-0"]
[WhiteElo "2179"]
[BlackElo "2127"]
[PlyCount "119"]
[EventDate "2010.??.??"]

1. e4 c5 2. Nf3 Nc6 3. d4 cxd4 4. Nxd4 Nf6 5. Nc3 e5 6. Ndb5 d6 7. Bg5 a6 8.
Na3 b5 9. Nd5 Be7 10. Bxf6 Bxf6 11. c3 Bb7 12. Nc2 Bg5 13. g3 Nb8 14. Bg2 Nd7
15. O-O O-O 16. f4 Bh6 17. Nce3 g6 18. Qg4 Bxd5 19. Nxd5 Nf6 20. Nxf6+ Qxf6 21.
Rad1 Rad8 22. f5 Qe7 23. Rd5 Rc8 24. f6 Qa7+ 25. Kh1 Rc6 26. Rfd1 Qf2 27. Qh4
Be3 28. R5d3 b4 29. Qg4 bxc3 30. bxc3 h5 31. Qd7 Rb6 32. Rxd6 Rb2 33. Qh3 Rxa2
34. g4 Re2 35. gxh5 Re1+ 36. Rxe1 Qxe1+ 37. Bf1 Bc5 38. Rc6 Qxe4+ 39. Qg2 Qxg2+
40. Kxg2 Be3 41. hxg6 fxg6 42. Bxa6 Bg5 43. Bc4+ Kh8 44. f7 Kg7 45. Kf3 Bd2 46.
Bd5 Rd8 47. c4 Bc3 48. Ke4 Rh8 49. c5 Rh4+ 50. Kf3 Rh3+ 51. Kg4 Rh8 52. Ra6 e4
53. Kf4 Bd4 54. c6 e3 55. Ra2 Rh4+ 56. Kf3 Rh3+ 57. Ke4 Rh4+ 58. Kd3 Bc5 59. c7
Rd4+ 60. Ke2 1-0

[Event "NATO Chess Championship 2010"]
[Site "Koege"]
[Date "2010.10.21"]
[Round "6.12"]
[White "Skindzier, Saturnin"]
[Black "Koopmeiners, Karl"]
[Result "1-0"]
[WhiteElo "2173"]
[BlackElo "2011"]
[PlyCount "43"]
[EventDate "2010.??.??"]
[WhiteTeam "POL"]
[BlackTeam "NATO"]

1. d4 d5 2. Nf3 Nf6 3. c4 c6 4. Nc3 e6 5. Bg5 h6 6. Bh4 dxc4 7. e4 g5 8. Bg3 b5
9. Ne5 h5 10. h4 g4 11. Be2 Bb7 12. O-O Nbd7 13. f3 Rg8 14. Nxf7 Kxf7 15. fxg4
Ke7 16. g5 Ng4 17. Bxg4 hxg4 18. Qxg4 Bg7 19. e5 Qb6 20. g6 Raf8 21. h5 Bh6 22.
Bh4+ 1-0

[Event "NATO Chess Championship 2010"]
[Site "Koege"]
[Date "2010.10.21"]
[Round "6.13"]
[White "Ledoux, Jean-Luc"]
[Black "Nielsen, Rene Ole"]
[Result "0-1"]
[WhiteElo "2084"]
[BlackElo "2158"]
[PlyCount "86"]
[EventDate "2010.??.??"]
[WhiteTeam "FRA"]
[BlackTeam "DEN"]

1. Nf3 Nf6 2. c4 g6 3. Nc3 Bg7 4. g3 d6 5. d4 O-O 6. Bg2 Nbd7 7. e4 e5 8. O-O
h6 9. dxe5 Nxe5 10. Nxe5 dxe5 11. Be3 c6 12. b4 Be6 13. Qe2 Qc7 14. f3 Nd7 15.
Rfc1 f5 16. Na4 Rf7 17. Nb2 c5 18. Nd3 b6 19. f4 Re8 20. fxe5 Nxe5 21. Bf4 cxb4
22. exf5 Bxc4 23. Bd5 Bxd5 24. Rxc7 Nf3+ 25. Qxf3 Bxf3 26. Re1 Rxe1+ 27. Nxe1
Rxc7 28. Bxc7 Be4 29. Bd6 Bf8 30. Be5 gxf5 31. Kf2 Bb1 32. Ke3 Bxa2 33. Nd3 a5
34. Bc7 Bb1 35. Nb2 Bc5+ 36. Kd2 Bd4 37. Kc1 Ba2 38. Na4 b5 39. Nb2 a4 40. Bd6
Bg1 41. h3 Be3+ 42. Kc2 a3 43. Nd1 b3+ 0-1

[Event "NATO Chess Championship 2010"]
[Site "Koege"]
[Date "2010.10.21"]
[Round "6.14"]
[White "Oltean, Gusztav"]
[Black "Kedzierski, Slawomir"]
[Result "0-1"]
[WhiteElo "2152"]
[BlackElo "2102"]
[PlyCount "78"]
[EventDate "2010.??.??"]

1. Nf3 Nf6 2. c4 d6 3. Nc3 g6 4. g3 Bg7 5. Bg2 O-O 6. O-O e5 7. d3 Nc6 8. Rb1
a5 9. a3 h6 10. b4 axb4 11. axb4 Nh5 12. b5 Ne7 13. Ne1 f5 14. Qb3 Kh7 15. Nc2
g5 16. f4 gxf4 17. gxf4 Ng6 18. e3 Nh4 19. Bh1 Bf6 20. Nd5 Rg8+ 21. Kf2 Ng6 22.
Bd2 Bh4+ 23. Ke2 Bd7 24. Bf3 Ng7 25. b6 c6 26. Nc7 Rb8 27. fxe5 Nxe5 28. Bh1
Qg5 29. Nd4 Qh5+ 30. Nf3 Be7 31. Bc3 Ng4 32. Qb2 Nxh2 33. Rg1 Ng4 34. Rg3 f4
35. exf4 Nf5 36. Rgg1 Nh2 37. Rxg8 Rxg8 38. Bf6 Ng3+ 39. Ke3 Ng4+ 0-1

[Event "NATO Chess Championship 2010"]
[Site "Koege"]
[Date "2010.10.21"]
[Round "6.15"]
[White "Lazar, Ales"]
[Black "Engelen, Johan"]
[Result "1-0"]
[WhiteElo "2146"]
[BlackElo "1958"]
[PlyCount "151"]
[EventDate "2010.??.??"]

1. e4 d5 2. exd5 Qxd5 3. Nc3 Qa5 4. d4 c6 5. Nf3 Nf6 6. Bc4 Bf5 7. O-O e6 8.
Qe2 Bd6 9. h3 O-O 10. Nh4 Bg6 11. Nxg6 hxg6 12. Ne4 Nxe4 13. Qxe4 Qf5 14. Qe2
Nd7 15. Bd3 Qf6 16. Qg4 c5 17. c3 cxd4 18. cxd4 Qe7 19. Bg5 Nf6 20. Qf3 Rfd8
21. Be4 Rab8 22. Rfd1 Bc7 23. Rac1 Rd7 24. Rd3 Rbd8 25. Rcd1 e5 26. g3 b6 27.
d5 Qb4 28. Bxf6 gxf6 29. Rb3 Qe7 30. g4 Kg7 31. Rc3 Bd6 32. a3 a5 33. Rc6 Bc5
34. b4 axb4 35. axb4 Bxb4 36. Rxb6 Bc5 37. Rc6 Bd4 38. Rdc1 Rd6 39. Rxd6 Rxd6
40. Rc8 Ra6 41. h4 Ra1+ 42. Kg2 Ra2 43. Rc2 Ra3 44. Qe2 f5 45. gxf5 Qxh4 46.
f6+ Kh7 47. Bf3 Ra1 48. Qe4 Qh1+ 49. Kg3 Rg1+ 50. Bg2 Qh5 51. Qf3 Qxf3+ 52.
Kxf3 e4+ 53. Kxe4 Bxf6 54. Bf3 Re1+ 55. Be2 Ra1 56. d6 Ra8 57. d7 Rd8 58. Rd2
Kg7 59. Bb5 Kf8 60. Kd5 Be7 61. f3 g5 62. Kc6 Kg7 63. Re2 Kf6 64. Rh2 Rg8 65.
Rh7 Bd8 66. Bc4 Rf8 67. Rh1 Be7 68. Re1 Rd8 69. Kc7 Rf8 70. Re2 Bd8+ 71. Kc8
Be7+ 72. Kc7 Bd8+ 73. Kc6 Be7 74. Rd2 Rd8 75. Kc7 Kg7 76. Rd5 1-0

[Event "NATO Chess Championship 2010"]
[Site "Koege"]
[Date "2010.10.21"]
[Round "6.16"]
[White "Bucholtz, Robert"]
[Black "Pirs, Matjaz"]
[Result "1/2-1/2"]
[WhiteElo "2139"]
[BlackElo "1934"]
[PlyCount "95"]
[EventDate "2010.??.??"]
[WhiteTeam "USA"]
[BlackTeam "SLO"]

1. Nf3 Nf6 2. c4 e6 3. g3 b6 4. Bg2 Bb7 5. O-O c5 6. Nc3 Be7 7. d3 d6 8. e4 Nc6
9. Re1 Nd7 10. Be3 Nde5 11. a3 O-O 12. h3 Nxf3+ 13. Bxf3 Bg5 14. Bg2 Bxe3 15.
Rxe3 Nd4 16. Ne2 Nxe2+ 17. Rxe2 Qd7 18. d4 Qc7 19. f4 Rad8 20. d5 exd5 21. exd5
Qd7 22. Qc2 Rde8 23. Rae1 Rxe2 24. Qxe2 Bc8 25. Qe7 Rd8 26. h4 Qxe7 27. Rxe7
Bd7 28. Kf2 Kf8 29. Re1 b5 30. cxb5 Bxb5 31. b4 cxb4 32. axb4 Rc8 33. Ra1 Rc2+
34. Kg1 a6 35. Rb1 Bc4 36. Bf1 Bb5 37. Bg2 Ke7 38. Be4 Rc3 39. Kf2 g6 40. Re1
Kd8 41. Rb1 Rc4 42. Ke3 f5 43. Bf3 Rc3+ 44. Kf2 Rc2+ 45. Ke3 Kc7 46. h5 Rc3+
47. Kf2 Rc2+ 48. Ke3 1/2-1/2